Classic Literature Authors - Statistics

General Stats
  • This quiz has been taken 449 times
  • The average score is 14 of 20
Answer Stats
Book Title Author % Correct
Sense and Sensibility Jane Austen
92%
War and Peace Leo Tolstoy
92%
A Tale of Two Cities Charles Dickens
90%
Wuthering Heights Emily Bronte
90%
Jane Eyre Charlotte Bronte
87%
Moby Dick Herman Melville
85%
The Adventures of Tom Sawyer Mark Twain
85%
Les Miserables Victor Hugo
85%
Dracula Bram Stoker
82%
Little Women Louisa May Alcott
78%
The Canterbury Tales Geoffrey Chaucer
70%
Robinson Crusoe Daniel Defoe
67%
Treasure Island Robert Louis Stevenson
64%
Crime and Punishment Fedor Dostoyevsky
61%
Gullivers Travels Jonathon Swift
59%
Gone with the Wind Margaret Mitchell
57%
A Study in Scarlet Arthur Conan Doyle
52%
The Tenant of Wildfell Hall Anne Bronte
37%
Pilgrims Progress John Bunyan
32%
Tales of Mystery and Imagination Edgar Allan Poe
25%
No matching quizzes found
Score Distribution
Percent of People with Each Score
Percentile by Number Answered
Your Score History
You have not taken this quiz